| 000 | 00733nam a22002291 4500 | ||
|---|---|---|---|
| 001 | 22332 | ||
| 003 | BD-RjUL | ||
| 005 | 20250624115207.0 | ||
| 008 | 140308r19491925enk 000 e eng | ||
| 035 | _a(BD-RjUL)22397 | ||
| 040 |
_aDLC _cTxU _dOCoLC _dDLC _dBD-RjUL _beng |
||
| 041 | _aeng | ||
| 082 |
_a824.9 _bMIS 1949 _221 |
||
| 100 | 1 |
_aMilford, Humphrey Sumner, _d1877-1952, _955154 |
|
| 245 | 0 | 0 |
_aSelected modern English essays / _cHumphrey Sumner Milford |
| 260 |
_aLondon ; _aNew York [etc.] : _bH. Milford, Oxford University Press, _c1925 [Reprinted 1949]. |
||
| 300 |
_ax, 435 p. ; _c16 cm. |
||
| 650 | 0 |
_aEnglish essays. _968958 |
|
| 942 |
_2ddc _cBK |
||
| 999 |
_c22332 _d22332 |
||